Statistics for 20 Countries Based on Their Leaders

Click here to take the quiz!

General Stats

  • This quiz has been taken 600 times
  • The average score is 13 of 15

Answer Stats

LeadersCountry% Correct
George Washington, Barack Obama, Andrew JacksonUnited States
100%
Kim Il-sung, Kim Jong-il, Kim Jong-unNorth Korea
99%
Winston Churchill, Margaret Thatcher, James CallaghanUnited Kingdom
99%
Charles de Gaulle, François Hollande, Nicolas SarkozyFrance
97%
Narendra Modi, Indira Gandhi, Manmohan SinghIndia
96%
Nelson Mandela, Jacob Zuma, Marais ViljoenSouth Africa
96%
Hu Jintao, Yang Shangkun, Xi JinpingChina
94%
King Fahd, King Saud, King SalmanSaudi Arabia
82%
John Abbott, Paul Martin, Stephen HarperCanada
81%
Carlo Ciampi, Sergio Mattarella, Oscar ScalfaroItaly
76%
Mustafa Jalil, Muammar Gaddafi, Mohammed MagariafLibya
76%
Tony Abbott, Paul Keating, William McMahonAustralia
72%
Banjamin Netanyahu, Ehud Olmert, Moshe KatsavIsrael
72%
Peter Fraser, Joseph Ward, George WaterhouseNew Zealand
66%
Dilma Rousseff, Tancredo Neves, Michel TemerBrazil
55%

Score Distribution

Percentile by Number Answered

Percent of People with Each Score

Your Score History

You have not taken this quiz